000 00292nam a22001337a 4500
008 170616b xxu||||| |||| 00| 0 eng d
020 _a0231055471
041 _aeng
080 _a94
100 _a16
101 _aSHH
245 _aISRAELI NUCLEAR DETERRENCE
_cFELDMAN,SH
942 _2udc
_cBK
999 _c17734
_d17734